High-speed railway in China / (Record no. 586511)

000 -LEADER
fixed length control field 00406nam a22001337a 4500
020 ## - INTERNATIONAL STANDARD BOOK NUMBER
International Standard Book Number 9787508542041
040 ## - CATALOGING SOURCE
Transcribing agency NUST CL
082 ## - DEWEY DECIMAL CLASSIFICATION NUMBER
Classification number 385.0951
Author Mark JIN
100 ## - MAIN ENTRY--PERSONAL NAME
Personal name Zhou , Jingjing
9 (RLIN) 83143
245 ## - TITLE STATEMENT
Title High-speed railway in China /
Statement of responsibility, etc. Jingjing Zhou; Renwei Kang; Pengfei Gao.
260 ## - PUBLICATION, DISTRIBUTION, ETC.
Name of publisher, distributor, etc. China Intercontinental Press,
Date of publication, distribution, etc. 2019.
300 ## - PHYSICAL DESCRIPTION
Extent 383 pages : illustrations, maps ; 23 cm
942 ## - ADDED ENTRY ELEMENTS (KOHA)
Source of classification or shelving scheme
Koha item type Book
Holdings
Withdrawn status Lost status Source of classification or shelving scheme Damaged status Not for loan Permanent Location Current Location Shelving location Date acquired Full call number Barcode Date last seen Price effective from Koha item type Materials specified (bound volume or other part) Source of acquisition Total Checkouts
          Central Library (CL) Central Library (CL) Chinese Studies 10/06/2021 385.0951 JIN CL-D-1283 10/14/2021 10/14/2021 Book      
          Central Library (CL) Central Library (CL) Chinese Studies 10/06/2021 385.0951 JIN CL-D-1284 10/14/2021 10/14/2021 Book      
          Central Library (CL) Central Library (CL) Chinese Studies 11/29/2025 385.0951 JIN CL-D-3115 11/29/2025 11/29/2025 Book Donated by China Study Centre (CSC) - S3H NUST Donation  
          Central Library (CL) Central Library (CL) Chinese Studies 11/29/2025 385.0951 JIN CL-D-3114 11/29/2025 11/29/2025 Book Donated by China Study Centre (CSC) - S3H NUST Donation  
© 2023 Central Library, National University of Sciences and Technology. All Rights Reserved.